000 00589nam a22002177a 4500
003 UA-OsUOA
001 120470
007 ta
008 20170207b un ||||| |||| 00| 0 ukr d
100 _aТкачук А.
090 _a32
_bТ48
942 _cSA
040 _aUA-OsUOA
_bukr
_cUA-OsUOA
_dUA-OsUOA
245 _aПро децентралізацію, успіхи, ризики і роль парламенту
300 _aС.4
955 _a0
041 _aukr
080 _a32
773 0 _w120469
_tДзеркало тижня
_dК.
_d2017
_g1
650 7 _a32 Політика
_2UDC
999 _c406554
_d406554